| 000 | 00495nam a22002057a 4500 | ||
|---|---|---|---|
| 003 | OSt | ||
| 005 | 20260602143600.0 | ||
| 008 | 260602b |||||||| |||| 00| 0 eng d | ||
| 020 | _a978-93-7098-489-9 | ||
| 040 | _cSBCL | ||
| 082 |
_a823 _bSTO-D |
||
| 100 | _aStoker,Bram | ||
| 245 | _aDracula | ||
| 260 |
_bTimeless Classics _c2025 |
||
| 300 | _a404p. | ||
| 630 | _xLiterature & rhetoric | ||
| 650 | _aEnglish & Old English literatures | ||
| 650 | _aEnglish fiction | ||
| 942 | _cBOOK | ||
| 999 |
_c138342 _d138342 |
||